Journal of management accounting research / (Record no. 231463)
[ view plain ]
| 000 -LEADER | |
|---|---|
| fixed length control field | 00938nam a22002177a 4500 |
| 003 - CONTROL NUMBER IDENTIFIER | |
| control field | OSt |
| 005 - DATE AND TIME OF LATEST TRANSACTION | |
| control field | 20240718112858.0 |
| 008 - FIXED-LENGTH DATA ELEMENTS--GENERAL INFORMATION | |
| fixed length control field | 240718b ||||| |||| 00| 0 eng d |
| 040 ## - CATALOGING SOURCE | |
| Transcribing agency | AIMIT LIBRARY |
| 082 ## - DEWEY DECIMAL CLASSIFICATION NUMBER | |
| Classification number | 658 |
| Item number | MANR |
| 110 ## - MAIN ENTRY--CORPORATE NAME | |
| Corporate name or jurisdiction name as entry element | American Accounting Association |
| 9 (RLIN) | 173641 |
| 245 ## - TITLE STATEMENT | |
| Title | Journal of management accounting research / |
| Statement of responsibility, etc. | By American Accounting Association |
| 260 ## - PUBLICATION, DISTRIBUTION, ETC. | |
| Place of publication, distribution, etc. | United States of America: |
| Name of publisher, distributor, etc. | American Accounting Association , |
| Date of publication, distribution, etc. | 2019. |
| 300 ## - PHYSICAL DESCRIPTION | |
| Other physical details | HB |
| Dimensions | 27 cm. |
| 440 ## - SERIES STATEMENT/ADDED ENTRY--TITLE | |
| Title | Journal of management accounting research |
| Volume/sequential designation | Vol.31 No.1-3/2019 |
| 9 (RLIN) | 173642 |
| 440 ## - SERIES STATEMENT/ADDED ENTRY--TITLE | |
| Volume/sequential designation | Vol.30 No.1-3/2018 |
| 650 ## - SUBJECT ADDED ENTRY--TOPICAL TERM | |
| Topical term or geographic name entry element | Control self assessment and costs of compliance with sarbanes oxley section 404 |
| 9 (RLIN) | 173643 |
| 650 ## - SUBJECT ADDED ENTRY--TOPICAL TERM | |
| Topical term or geographic name entry element | Performance feedback type and employees subsequent willingness to help other employees |
| 9 (RLIN) | 173644 |
| 650 ## - SUBJECT ADDED ENTRY--TOPICAL TERM | |
| Topical term or geographic name entry element | Importance of task complexity when rewarding nonfinancial performance |
| 9 (RLIN) | 173645 |
| 942 ## - ADDED ENTRY ELEMENTS (KOHA) | |
| Source of classification or shelving scheme | Dewey Decimal Classification |
| Koha item type | Bound Volume |
| Call number prefix | 658 MANR |
| Withdrawn status | Lost status | Source of classification or shelving scheme | Damaged status | Not for loan | Collection code | Home library | Current library | Shelving location | Date acquired | Serial Enumeration / chronology | Total Checkouts | Full call number | Barcode | Date last seen | Price effective from | Koha item type |
|---|---|---|---|---|---|---|---|---|---|---|---|---|---|---|---|---|
| Dewey Decimal Classification | MBA | St Aloysius Institute of Management & Information Technology | St Aloysius Institute of Management & Information Technology | Bound Volume Section | 07/18/2024 | Vol.31 No.1-3/2019 | 658 MANR | BVM1049 | 07/18/2024 | 07/18/2024 | Bound Volume | |||||
| Dewey Decimal Classification | MBA | St Aloysius Institute of Management & Information Technology | St Aloysius Institute of Management & Information Technology | Bound Volume Section | 07/18/2024 | Vol.30 No.1-3/2018 | 658 MANR | BVM1071 | 07/18/2024 | 07/18/2024 | Bound Volume |